| 000 | 00591nam a2200217 a 4500 | ||
|---|---|---|---|
| 005 | 20140310183450.0 | ||
| 008 | 090109s19uu xx 00 eng d | ||
| 020 | _a9780071458085 | ||
| 050 |
_aHG 4529 _b.B7633 2008 |
||
| 100 | _aBrown, Constance | ||
| 245 |
_aTechnical analysis demystified / _cConstance Brown. |
||
| 260 |
_aNew York : _bMcGraw-Hill, _c2008. |
||
| 300 |
_a253 p. : _bill. ; _c28 cm. |
||
| 521 | _aBSBA | ||
| 650 | _aBSBA. | ||
| 650 | _aInvestment analysis. | ||
| 650 | _aStock price forecasting. | ||
| 942 |
_cBK _2lcc _kFOR |
||
| 999 |
_c23375 _d23375 |
||